书目信息 |
| 题名: |
园林
|
|
| 作者: | 刘行光 , 李亮 编著 | |
| 分册: | ||
| 出版信息: | 重庆 西南师范大学出版社 2021.5 |
|
| 页数: | 200页 | |
| 开本: | 24cm | |
| 丛书名: | 走向世界的中国文明丛书 | |
| 单 册: | ||
| 中图分类: | TU986.62 | |
| 科图分类: | ||
| 主题词: | 古典园林--园林艺术--中国 | |
| 电子资源: | ||
| ISBN: | 978-7-5697-0184-5 | |
| 000 | 00903nam2 2200265 45 | |
| 001 | 012001001117 | |
| 005 | 20130910150345.0 | |
| 010 | @a978-7-5697-0184-5@dCNY36.00 | |
| 100 | @a20210702d2021 em y0chiy0110 ea | |
| 101 | 0 | @achi |
| 102 | @aCN@b500000 | |
| 105 | @aa z 000yy | |
| 106 | @ar | |
| 200 | 1 | @a园林@Ayuan lin@f刘行光, 李亮编著 |
| 210 | @a重庆@c西南师范大学出版社@d2021.5 | |
| 215 | @a200页@c图@d24cm | |
| 225 | 2 | @a走向世界的中国文明丛书@f邹登顺主编 |
| 330 | @a本书为“走向世界的中国文明丛书”之一,讲述了中国园林艺术的发展、园林艺术的创作方式、主要建筑形式及特色、与园林相关的文化,以及对世界建筑艺术的深远影响等。 | |
| 461 | 0 | @12001 @a走向世界的中国文明丛书 |
| 606 | 0 | @a古典园林@x园林艺术@y中国 |
| 690 | @aTU986.62@v5 | |
| 701 | 0 | @a刘行光@Aliu xing guang@4编著 |
| 701 | 0 | @a李亮@ALi Liang@4编著 |
| 801 | @aCN@b江苏凤凰@c20211018 | |
| 905 | @b1342266-8@dTU986.62@e2080@f3 | |
| 园林/刘行光, 李亮编著.-重庆:西南师范大学出版社,2021.5 |
| 200页:图;24cm.-(走向世界的中国文明丛书/邹登顺主编) |
| ISBN 978-7-5697-0184-5:CNY36.00 |
| 本书为“走向世界的中国文明丛书”之一,讲述了中国园林艺术的发展、园林艺术的创作方式、主要建筑形式及特色、与园林相关的文化,以及对世界建筑艺术的深远影响等。 |
| ● |
| 相关链接 |
|
|
|
|
正题名:园林
索取号:TU986.62/2080
 
预约/预借
| 序号 | 登录号 | 条形码 | 馆藏地/架位号 | 状态 | 备注 |
| 1 | 1342266 | 213422660 | 第二样本阅览室/ [索取号:TU986.62/2080] | 在馆 | |
| 2 | 1342267 | 213422679 | 第三借阅区/ [索取号:TU986.62/2080] | 在馆 | |
| 3 | 1342268 | 213422688 | 第三借阅区/ [索取号:TU986.62/2080] | 在馆 |